| 000 | 00979nam2a22002531 4500 | ||
|---|---|---|---|
| 001 | RU\NLR\INFOCOMM15\5000299432 | ||
| 005 | 20250617133202.0 | ||
| 035 | _a(NLR Aleph) 002632947 | ||
| 090 |
_a3717564 _c3717564 |
||
| 100 | _a20050217d1976 |||y0rusy50 ca | ||
| 101 | 0 | _arus | |
| 102 | _aRU | ||
| 105 | _ay ||||000|y | ||
| 200 | 1 |
_aДиаметры шаровых звездных скоплений _fХ. Вилкенс |
|
| 210 |
_d1976 _aБ. м. |
||
| 461 | 0 |
_1001RU\NLR\INFOCOMM15\5000299385 _12001#$aПеременные звезды$eПриложение$fАН СССР. Астрон. совет АН СССР$vТ.2, №12 _93717486 _cМ. _d1971- _fАН СССР. Астрон. совет АН СССР _oПриложение _tПеременные звезды _vТ.2, №12 |
|
| 700 | 1 |
_aВилкенс _bХ. _4070 |
|
| 801 | 1 |
_aRU _bInfoComm _c20050217 |
|
| 801 | 0 |
_aRU _bNLR _gPSBO |
|
| 852 |
_aNLR _jП8/1013 |
||
| 942 | _cISSUE | ||
| 980 | _aNB | ||
| 980 | _aRUSPER | ||